[Event "Zhukovsky op 04"]
[Site "Zhukovsky"]
[Date "2014.??.??"]
[Round "5"]
[White "Novik, Eduard"]
[Black "Shelyagin, Aleksandr"]
[Result "0-1"]
[WhiteElo "1698"]
[BlackElo "1895"]
[PlyCount "120"]
[EventDate "2014.04.??"]
[EventType "swiss"]
[EventRounds "9"]
[EventCountry "RUS"]
[SourceTitle "EXT 2016"]
[Source "ChessBase"]
[SourceDate "2015.10.08"]
[SourceVersion "1"]
[SourceVersionDate "2015.10.08"]
[SourceQuality "1"]

1. e4 c5 2. b4 cxb4 3. Bb2 d5 4. e5 Bf5 5. d4 e6 6. Nf3 Nc6 7. Be2 Be7 8. Nbd2 Nh6 9. Nf1 0-0 10. Ng3 Bg6 11. 0-0 Nf5 12. Qd2 Qa5 13. Rfd1 Rfc8 14. Rdc1 Qb6 15. a4 Na5 16. Rab1 a6 17. Nxf5 Bxf5 18. Bd3 Nc4 19. Bxc4 Rxc4 20. Ra1 a5 21. c3 Rac8 22. cxb4 Bxb4 23. Rxc4 Rxc4 24. Qe3 Qc6 25. h3 Bc2 26. Nd2 Bxd2 27. Qxd2 b6 28. Qg5 h6 29. Qd8+ Kh7 30. Rc1 Bxa4 31. Rxc4 dxc4 32. Bc3 Bb5 33. Bd2 Qd7 34. Qf8 Bc6 35. Qb8 Qd5 36. f3 Qb5 37. Qc7 Bd5 38. Kh2 Kg6 39. h4 h5 40. Qe7 Qb3 41. Qg5+ Kh7 42. Qxh5+ Kg8 43. Be1 Qe3 44. Bg3 c3 45. Qg4 c2 46. Bf4 Qxd4 47. Qg5 a4 48. h5 f6 49. exf6 Qxf6 50. Qg3 Kh7 51. Be5 Qh6 52. Bf4 Qxh5+ 53. Kg1 a3 54. Qf2 Qf5 55. Qh4+ Kg6 56. Bc1 a2 57. g4 Qe5 58. f4 Qe4 59. f5+ exf5 60. Qg5+ Kf7 0-1

[Event "Zhukovsky op"]
[Site "Zhukovsky"]
[Date "2014.??.??"]
[Round "5"]
[White "Novik, Eduard"]
[Black "Temichev, Evgeniy"]
[Result "0-1"]
[WhiteElo "1698"]
[BlackElo "1906"]
[PlyCount "102"]
[EventDate "2014.08.08"]
[EventType "swiss"]
[EventRounds "9"]
[EventCountry "RUS"]
[SourceTitle "CBM 162 Extra"]
[Source "ChessBase"]
[SourceDate "2014.10.17"]
[SourceVersion "1"]
[SourceVersionDate "2014.10.17"]
[SourceQuality "1"]

1. e4 g6 2. Bc4 Bg7 3. c3 c6 4. d4 d6 5. Nf3 b5 6. Bb3 a5 7. a3 Ba6 8. Nbd2 Nf6 9. Ba2 0-0 10. b4 Bc8 11. Bb2 axb4 12. axb4 Ra4 13. 0-0 Ra6 14. e5 dxe5 15. Nxe5 Nbd7 16. f4 Nxe5 17. fxe5 Nd5 18. Ne4 Ne3 19. Qe2 Nxf1 20. Qxf1 Qb6 21. Nc5 Ra7 22. Nb3 Be6 23. Na5 Bxa2 24. Rxa2 Bxe5 25. Kh1 Bf6 26. Ra1 Qc7 27. Qf3 Kg7 28. Rf1 Ra6 29. Bc1 Qd6 30. Nb7 Qd5 31. Qe3 Qh5 32. Nc5 Ra7 33. Ne4 h6 34. Qf2 Bh4 35. g3 Bg5 36. Bxg5 hxg5 37. Kg2 f5 38. Nc5 Rf6 39. Re1 g4 40. Nd3 g5 41. d5 Rc7 42. dxc6 Qh3+ 43. Kg1 f4 44. Qd2 Rfxc6 45. Nc5 fxg3 46. Qxg5+ Rg6 47. Rxe7+ Rxe7 48. Qxe7+ Kh6 49. Qe3+ Kh7 50. Qxg3 Qxg3+ 51. hxg3 Rc6 0-1

[Event "Zhukovsky Winter op"]
[Site "Zhukovsky"]
[Date "2014.??.??"]
[Round "6"]
[White "Podymov, Andrey"]
[Black "Novik, Eduard"]
[Result "1/2-1/2"]
[WhiteElo "1654"]
[BlackElo "1698"]
[PlyCount "40"]
[EventDate "2014.11.22"]
[EventType "swiss"]
[EventRounds "9"]
[EventCountry "RUS"]
[SourceTitle "EXT 2016"]
[Source "ChessBase"]
[SourceDate "2015.10.08"]
[SourceVersion "1"]
[SourceVersionDate "2015.10.08"]
[SourceQuality "1"]

1. d4 e6 2. c4 d5 3. Nc3 dxc4 4. e4 a6 5. Bxc4 b5 6. Bd3 Bb7 7. Nf3 Bb4 8. Qb3 Bxc3+ 9. bxc3 c5 10. Be3 c4 11. Bxc4 Bxe4 12. Be2 Ne7 13. Bg5 Nbc6 14. a4 b4 15. cxb4 Bxf3 16. Bxf3 Nxd4 17. Qd3 Nxf3+ 18. Qxf3 0-0 19. 0-0 Qe8 20. Qb7 Nd5 1/2-1/2

[Event "Zhukovsky op 04"]
[Site "Zhukovsky"]
[Date "2014.??.??"]
[Round "2"]
[White "Temichev, Evgeniy"]
[Black "Novik, Eduard"]
[Result "0-1"]
[WhiteElo "1906"]
[BlackElo "1698"]
[PlyCount "48"]
[EventDate "2014.04.??"]
[EventType "swiss"]
[EventRounds "9"]
[EventCountry "RUS"]
[SourceTitle "EXT 2016"]
[Source "ChessBase"]
[SourceDate "2015.10.08"]
[SourceVersion "1"]
[SourceVersionDate "2015.10.08"]
[SourceQuality "1"]

1. e4 e6 2. d4 d5 3. Nc3 Bb4 4. Bd2 Bxc3 5. Bxc3 dxe4 6. Qg4 e3 7. 0-0-0 exf2 8. Nf3 Qf6 9. d5 Qh6+ 10. Kb1 Nf6 11. Bb5+ c6 12. dxc6 bxc6 13. Bd3 Nxg4 14. h3 Ne3 15. Bd2 Ba6 16. c4 0-0 17. Nh2 Qf4 18. g3 Qd4 19. Bc3 Qb6 20. Bd4 Qxd4 21. Bxh7+ Kxh7 22. Rxd4 Bxc4 23. Rf4 f1Q+ 24. Nxf1 Bxf1 0-1